书目信息 |
| 题名: |
怎样加强记忆力
|
|
| 作者: | ;解平 译 ;巴黎性格学研究中心 编 | |
| 分册: | ||
| 出版信息: | 北京 新华出版社 1982 |
|
| 页数: | 207页 | |
| 开本: | 19cm | |
| 丛书名: | ||
| 单 册: | ||
| 中图分类: | B842.3 | |
| 科图分类: | ||
| 主题词: | 记忆 , 学习 | |
| 电子资源: | ||
| ISBN: | ||
| 000 | 00730nam0 2200253 45 | |
| 001 | 0182006102 | |
| 005 | 20070729171405.68 | |
| 010 | @dCNY0.65 | |
| 091 | @a7203.011 | |
| 100 | @a19950629d1982 em y0chiy0121 ea | |
| 101 | 1 | @achi@cfre |
| 102 | @aCN@b110000 | |
| 105 | @ay z 000yy | |
| 200 | 10 | @a怎样加强记忆力@Azen yang jia qiang ji yi li@f(法)巴黎性格学研究中心编@F(Fa)Ba Li Xing Ge Xue Yan Jiu Zhong Xin Bian@g解平译 |
| 210 | @a北京@c新华出版社@d1982 | |
| 215 | @a207页@d19cm | |
| 606 | @a记忆 | |
| 606 | 0 | @a学习 |
| 690 | @aB842.3@v3 | |
| 702 | 0 | @a解平@Axie ping@4译 |
| 711 | 02 | @a巴黎性格学研究中心@4编 |
| 801 | 2 | @aCN@bNLC@c20070729 |
| 801 | 0 | @aCN@b上海图书馆@c20070728 |
| 905 | @dB842.3@e140@f1@b163901 | |
| 怎样加强记忆力/(法)巴黎性格学研究中心编/解平译.-北京:新华出版社,1982 |
| 207页;19cm |
| ISBN :CNY0.65 |
| ● |
| 相关链接 |
|
|
|
|
正题名:怎样加强记忆力
索取号:B842.3/140
 
预约/预借
| 序号 | 登录号 | 条形码 | 馆藏地/架位号 | 状态 | 备注 |
| 1 | 0163899 | 202174976 | 密集书库/ [索取号:B842.3/140] | 在馆 | |
| 2 | 0163900 | 000524793 | 密集书库/ [索取号:B842.3/140] | 在馆 | |
| 3 | 0163901 | 000524766 | 第一样本阅览室/ [索取号:B842.3/140] | 在馆 | |
| 4 | 0785640 | 207856408 | 密集书库/ [索取号:B842.3/140] | 在馆 | |
| 5 | 0787410 | 207874102 | 密集书库/ [索取号:B842.3/140] | 在馆 |